00221nam a2200097Ia 4500008004100000041000800041082000800049100001500057245002500072260002600097231212s1972 xx 000 0 und d aeng a621 aGelberg B. aRepair of Industrial aMascowbMir Pubc1972